Hair & beauty magazín o vlasoch, kozmetike, kráse a zdraví

Bibliographic Details
Other Authors: Schäfferová, Iveta (Publishing director)
Format: Journal
Language:Slovak
PhysicalDescription:15 zv. 29 cm
Published: Bratislava P+M 2008-2022
Bratislava IN2 MEDIA
Bratislava Pro publishing, s.r.o.
ISSN:1337-7221
Subjects:

MARC

LEADER 00000cas a2200000 a 4500
001 vtls010266582
003 SK-MaSNL
005 20260228161512.0
008 110325d20082022xo br p 0 b0slo
022 |a 1337-7221 
040 |a SNK  |b slo  |c SNK  |d SVKBB  |e AACR2 
041 0 |a slo 
044 |a xo  |c SK 
072 7 |a 687  |x Odevný priemysel. Kozmetika. Kaderníctvo. Starostlivosť o vzhľad  |2 konspekt 
072 7 |a 646  |x Odievanie. Starostlivosť o telo  |2 konspekt 
080 |a 687.53  |2 2011 
080 |a 646.7  |2 2011 
080 |a 050  |2 2011 
080 |a (051.055.2)  |2 2011 
210 0 |a Hair beauty  |b (Bratisl.) 
222 0 |a Hair & beauty  |b (Bratislava) 
245 0 0 |a Hair & beauty  |b magazín o vlasoch, kozmetike, kráse a zdraví 
246 1 3 |a Hair and beauty 
260 |a Bratislava  |b P+M  |c 2008-2022 
260 2 |3 5/2010-2/2019  |a Bratislava  |b IN2 MEDIA 
260 3 |3 3/2019-2022  |a Bratislava  |b Pro publishing, s.r.o. 
300 |a 15 zv.  |c 29 cm 
310 |a 4x ročne  |b 2022 
321 |a 8x ročne  |b 2010-č. 4/2010 
321 |a 6x ročne  |b 2008-2009 ; č. 5/2010-2021 
362 0 |a Roč. 1 (2008)-roč. 2, č. 4 (2010) ; roč. 3, č. 5 (2010)-roč. 15, č. 3/4 (okt. 2022)  |z BA001 
500 |a Popis podľa: Roč. II, č. 4/2010 
500 |a Podnázov v tiráži do č. 4/2010: časopis o vlasoch, kozmetike, kráse a zdraví 
500 |a Registrácia: MK SR 3912/2008 
500 |a Šéfredaktorka: ?- , Iveta Schäfferová 
500 |a Evidenčné číslo: EV 4104/10 
550 |a Predošlý vydavateľ do č. 4/2010: P+M 
650 0 7 |a kaderníctvo  |2 SNKPH  |9 29738 
650 0 7 |a kozmetika  |2 SNKPH  |9 17020 
650 0 7 |a účesy  |2 SNKPH  |9 25244 
655 7 |a časopisy pre ženy  |2 SNKPH  |9 70785 
700 1 |a Schäfferová, Iveta  |4 pbd  |9 266341 
910 |a snk 
999 |c 5589  |d 7519 
952 |t č. 1-6, neúplné  |a SNK  |b SNK  |y PREZ  |7 0  |p 17A1328797  |o snkČSB 6804/6/2013 D1  |i snk2018/19557  |8 0  |z Chýba č. 1-3  |0 0  |1 0  |4 0  |d 2018-09-27  |l 0  |r 2026-02-21 19:43:44  |w 2026-02-21 
952 |t č. 1-6  |a SNK  |b SNK  |y PREZ  |7 0  |p 17A1328796  |o snkČSB 6804/7/2014  |i snk2018/19561  |8 0  |0 0  |1 0  |4 0  |d 2018-09-27  |l 0  |r 2026-02-21 19:43:44  |w 2026-02-21 
952 |t č. 1-6  |a SNK  |b SNK  |y PREZ  |7 0  |p 17A1328795  |o snkČSB 6804/7/2014 D1  |i snk2018/19562  |8 0  |0 0  |1 0  |4 0  |d 2018-09-27  |l 0  |r 2026-02-21 19:43:44  |w 2026-02-21 
952 |t č. 1-6  |a SNK  |b SNK  |y PREZ  |7 0  |p 17A1328792  |o snkČSB 6804/9/2016  |i snk2018/19569  |8 0  |0 0  |1 0  |4 0  |d 2018-09-27  |l 0  |r 2026-02-21 19:45:12  |w 2026-02-21 
952 |t č. 1-6  |a SNK  |b SNK  |y PREZ  |7 0  |p 17A1524198  |o snkČSB 6804/2020 D1  |i snk2024/13174  |8 0  |z Časopis má uvedený roč. 13  |0 0  |1 0  |4 0  |d 2024-08-20  |l 0  |r 2026-02-21 19:48:53  |w 2026-02-21 
952 |t č. 1-6  |a SNK  |b SNK  |y PREZ  |7 0  |p 17A1524199  |o snkČSB 6804/2021 D1  |i snk2024/13176  |8 0  |z Časopis má uvedený roč. 14  |0 0  |1 0  |4 0  |d 2024-08-20  |l 0  |r 2026-02-21 19:48:53  |w 2026-02-21 
952 |t č. 1-4  |a SNK  |b SNK  |y PREZ  |7 0  |p 17A1524200  |o snkČSB 6804/15/2022  |i snk2024/13179  |8 0  |0 0  |1 0  |4 0  |d 2024-08-20  |l 0  |r 2026-02-21 19:48:53  |w 2026-02-21 
952 |t č. 1-6  |a SNK  |b SNK  |y PREZ  |7 0  |p 17A1464273  |o snkČSB 6804/2019 D1  |i snk2022/15682  |8 0  |0 0  |1 0  |4 0  |d 2022-10-17  |l 0  |r 2026-02-21 20:01:58  |w 2026-02-21 
952 |t č. 1-4  |a SNK  |b SNK  |c SNK_KF  |y PREZ  |7 4  |p 17A1558860  |o snkČSB 6804/15/2022 D1  |i snk2026/2317  |8 0  |0 0  |1 0  |4 0  |d 2026-02-13  |l 0  |r 2026-02-21 20:12:53  |w 2026-02-21 
952 |t č. 1-8, neúplné  |a SNK  |b SNK  |y PREZ  |7 0  |p 17A1328800  |o snkČSB 6804/2/2010  |i snk2020/5523  |8 0  |z Chýba č. 1-3, 5-8  |0 0  |1 0  |4 0  |d 2018-09-27  |l 0  |r 2026-02-21 20:17:34  |w 2026-02-21 
952 |t č. 1-6  |a SNK  |b SNK  |y PREZ  |7 0  |p 17A1464207  |o snkČSB 6804/2020  |i snk2022/15913  |8 0  |0 0  |1 0  |4 0  |d 2022-10-20  |l 0  |r 2026-02-21 20:17:51  |w 2026-02-21 
952 |t č. 1-6  |a SNK  |b SNK  |y PREZ  |7 0  |p 17A1464206  |o snkČSB 6804/2021  |i snk2022/15914  |8 0  |0 0  |1 0  |4 0  |d 2022-10-20  |l 0  |r 2026-02-21 20:17:51  |w 2026-02-21 
952 |t č. 1-6, neúplné  |a SNK  |b SNK  |y PREZ  |7 0  |p 17A1328798  |o snkČSB 6804/6/2013  |i snk2018/19551  |8 0  |z Chýba č. 1-3  |0 0  |1 0  |4 0  |d 2018-09-27  |l 0  |r 2026-02-21 20:31:19  |w 2026-02-21 
952 |t č. 1-6, neúplné  |a SNK  |b SNK  |y PREZ  |7 0  |p 17A1328699  |o snkČSB 6804/9/2016 D1  |i snk2018/19571  |8 0  |z Chýba č. 3  |0 0  |1 0  |4 0  |d 2018-09-27  |l 0  |r 2026-02-21 20:42:41  |w 2026-02-21 
952 |t č. 1-6, neúplné  |a SNK  |b SNK  |y PREZ  |7 0  |p 17A1328799  |o snkČSB 6804/4/2012  |i snk2018/19547  |8 0  |z Chýba č. 1-2, 4-6  |0 0  |1 0  |4 0  |d 2018-09-27  |l 0  |r 2026-02-21 21:02:24  |w 2026-02-21 
952 |t č. 1-6  |a SNK  |b SNK  |y PREZ  |7 0  |p 17A1328794  |o snkČSB 6804/8/2015  |i snk2018/19565  |8 0  |0 0  |1 0  |4 0  |d 2018-09-27  |l 0  |r 2026-02-21 21:02:57  |w 2026-02-21 
952 |t č. 1-6  |a SNK  |b SNK  |y PREZ  |7 0  |p 17A1328700  |o snkČSB 6804/10/2017  |i snk2018/19574  |8 0  |0 0  |1 0  |4 0  |d 2018-09-27  |l 0  |r 2026-02-21 21:04:24  |w 2026-02-21 
952 |t č. 1-6  |a SNK  |b SNK  |y PREZ  |7 0  |p 17A1328701  |o snkČSB 6804/10/2017 D1  |i snk2018/19575  |8 0  |0 0  |1 0  |4 0  |d 2018-09-27  |l 0  |r 2026-02-21 21:04:24  |w 2026-02-21 
952 |t č. 1-6  |a SNK  |b SNK  |y PREZ  |7 0  |p 17A1328793  |o snkČSB 6804/8/2015 D1  |i snk2018/19566  |8 0  |0 0  |1 0  |4 0  |d 2018-09-27  |l 0  |r 2026-02-21 21:14:44  |w 2026-02-21 
952 |t č. 1-6  |a SNK  |b SNK  |y PREZ  |7 0  |p 17A1367449  |o snkČSB 6804/11/2018  |i snk2019/13112  |8 0  |0 0  |1 0  |4 0  |d 2019-05-10  |l 0  |r 2026-02-21 22:06:37  |w 2026-02-21 
952 |t č. 1-6  |a SNK  |b SNK  |y PREZ  |7 0  |p 17A1367450  |o snkČSB 6804/11/2018 D1  |i snk2019/13113  |8 0  |0 0  |1 0  |4 0  |d 2019-05-10  |l 0  |r 2026-02-21 22:06:37  |w 2026-02-21 
952 |t č. 1-6  |a SNK  |b SNK  |y PREZ  |7 0  |p 17A1432738  |o snkČSB 6804/2019  |i snk2020/20486  |8 0  |0 0  |1 0  |4 0  |d 2020-11-11  |l 0  |r 2026-02-21 22:22:57  |w 2026-02-21